000 00321 a2200145 4500
001 151314
040 _cEscola São Tomás de Aquino
100 _aSHURAVEL, May
240 1 0 _aO papo do sapo
_lpor
245 1 0 _aO papo do sapo
362 0 _a2006
440 1 _aSalamandra
697 _a*LITERATURA INFANTO
942 _cBK
999 _c151314
_d151314